| 000 | 01774nam a22004217a 4500 | ||
|---|---|---|---|
| 001 | vtls000020296 | ||
| 003 | ES-BaIT | ||
| 005 | 20211007103632.0 | ||
| 007 | t| | ||
| 008 | 200210s1974 spc|||||| 001 |spa|d | ||
| 010 | _a20296 | ||
| 020 | _a8434483548 (tomo 3) | ||
| 020 | _a8434483262 (o.c.) | ||
| 035 |
_a0020-29660 _9ES-BaIT035 |
||
| 039 | 9 |
_a202002101554 _bVLOAD _c201807311753 _dVLOAD _c201701311319 _dbarrabesfm _c201701271230 _dbarrabesfm _y201110052254 _zVLOAD |
|
| 041 | 1 |
_aspa _heng |
|
| 043 |
_ae-sp--- _be-sp--- _2catmarc |
||
| 080 | _a860(09) | ||
| 100 | 1 |
_aWilson, Edward Meryon _952665 |
|
| 245 | 1 | 0 |
_aSiglo de oro : _bteatro (1492-1700) / _cEdward M. Wilson, Duncan Moir ; [traducción de Carlos Pujol] |
| 260 |
_aBarcelona : _bAriel, _c1974 |
||
| 300 |
_a265 p.; _c21 cm |
||
| 490 | 1 |
_aLetras e ideas. _pInstrumenta _977019 |
|
| 490 | 1 |
_aHistoria de la literatura española (Ariel) ; _v3 _958960 |
|
| 504 | _aBibliografia. Índex | ||
| 650 | 0 | 4 |
_aLiteratura castellana _y1500-1700, Segle d'or _xHistòria i crítica _977022 |
| 650 | 0 | 4 |
_aTeatre espanyol _y1500-1700, Segle d'Or _xHistòria i crítica _957884 |
| 700 | 1 |
_aPujol, Carlos, _etrad. _940487 |
|
| 830 | 0 |
_aLetras e ideas. _pInstrumenta _977019 |
|
| 830 | 0 |
_aHistoria de la literatura española (Ariel) ; _v3 _958960 |
|
| 949 |
_AVIRTUAITEM _D10000 _G10000 _X1 _61900009668 _a5923-N |
||
| 949 |
_AVIRTUAITEM _D10040 _G10040 _X100 _61900016740 _a860(09) HIS _oR.34.631 _s2700:20180117 |
||
| 949 |
_AVIRTUAITEM _D10000 _G10000 _X1 _61900009743 _a6.006-N _oR.6.006-N |
||
| 949 |
_AVIRTUAITEM _D40000 _G40000 _X1 _61900002187 _a860 HIS _oR.1.475 |
||
| 998 | _aVIRTUA | ||
| 998 | _aVTLSSORT0070*0080*0200*0201*0350*0410*0430*0800*1000*2450*2600*3000*4400*4401*5040*6500*6501*7000*9110*9992 | ||
| 999 |
_c17347 _d17347 |
||
| 040 |
_aES-BaIT _bcat |
||